000 00251nam a2200097Ia 4500
001 1250442
005 20251031150856.0
008 251031s9999 xx 000 0 und d
245 0 _cPİA UMY Y.G.
_aG-2 BEN SENDEN GELİYORUM
260 _bDESTEK YAYINLARI
999 _c1250442
_d1250442